[Event "Patrimonio op 1st"]
[Site "Alcala de Henares"]
[Date "2006.10.08"]
[Round "2"]
[White "Marin Posada, Sebastian"]
[Black "Garcia Chacon, David"]
[Result "1-0"]
[WhiteElo "2339"]
[BlackElo "2040"]
[PlyCount "61"]
[EventDate "2006.10.07"]
[EventType "swiss"]
[EventRounds "9"]
[EventCountry "ESP"]
[SourceTitle "CBM 114 Extra"]
[Source "ChessBase"]
[SourceDate "2006.11.03"]
[SourceVersion "1"]
[SourceVersionDate "2006.11.03"]
[SourceQuality "1"]

1. e4 e6 2. d4 d5 3. Nc3 dxe4 4. Nxe4 Nf6 5. Nxf6+ Qxf6 6. Nf3 Qd8 7. Bd3 Be7 8. Qe2 c6 9. Bd2 Nd7 10. 0-0-0 Nf6 11. g4 Qc7 12. g5 Nd5 13. Ne5 Bd6 14. Rhe1 Bxe5 15. Qxe5 Qxe5 16. Rxe5 b5 17. b3 b4 18. a3 a5 19. Kb2 Bb7 20. Ra1 0-0 21. Bc4 bxa3+ 22. Rxa3 a4 23. Rxa4 Rxa4 24. bxa4 Ra8 25. a5 Ba6 26. Bxa6 Rxa6 27. c4 Nc7 28. Re3 c5 29. dxc5 Rc6 30. Rb3 h6 31. Be3 1-0

[Event "Galapagar op 06th"]
[Site "Galapagar"]
[Date "2005.07.24"]
[Round "2.4"]
[White "Garcia Chacon, David"]
[Black "Almeida Quintana, Omar"]
[Result "0-1"]
[WhiteElo "2083"]
[BlackElo "2462"]
[PlyCount "56"]
[EventDate "2005.07.23"]
[EventType "swiss"]
[EventRounds "9"]
[EventCountry "ESP"]
[SourceTitle "EXT 2006"]
[Source "ChessBase"]
[SourceDate "2005.11.24"]
[SourceVersion "1"]
[SourceVersionDate "2005.11.24"]
[SourceQuality "1"]

1. e4 Nf6 2. e5 Nd5 3. d4 d6 4. c4 Nb6 5. f4 dxe5 6. fxe5 Nc6 7. Be3 Bf5 8. Nf3 e6 9. Bd3 Bg4 10. 0-0 Nxd4 11. Bxd4 Bxf3 12. Qxf3 Qxd4+ 13. Kh1 0-0-0 14. Be4 c6 15. Nc3 Qxe5 16. Rae1 Qc7 17. Qh5 f5 18. Bc2 g6 19. Qe2 e5 20. g4 fxg4 21. Qxg4+ Kb8 22. Ne4 Bh6 23. c5 Nd5 24. Nd6 Bf4 25. Rf3 Qa5 26. Qg1 Qd2 27. Ba4 Bxh2 28. Qxh2 Qxe1+ 0-1